[Event "4NCL"]
[Site "De Vere, Staverton Park, ENG"]
[Date "2011.03.27"]
[Round "8.12"]
[White "Shaw, John K"]
[Black "Hunt, Adam C"]
[Result "1/2-1/2"]
[WhiteElo "2439"]
[BlackElo "2436"]
[PlyCount "41"]
[EventDate "2011.??.??"]
[WhiteTeam "White Rose 1"]
[BlackTeam "Betsson.com"]

1. Nf3 Nf6 2. e3 g6 3. b3 Bg7 4. Bb2 O-O 5. c4 d6 6. d4 e5 7. dxe5 Ng4 8. Be2
Nc6 9. h3 Ngxe5 10. Nxe5 dxe5 11. Qxd8 Rxd8 12. Bc3 f5 13. Nd2 e4 14. Bxg7 Kxg7
15. O-O-O Be6 16. Nb1 Rxd1+ 17. Rxd1 Rd8 18. Rxd8 Nxd8 19. h4 Nf7 20. Nc3 c6
21. Kd2 1/2-1/2

[Event "4NCL"]
[Site "De Vere, Staverton Park, ENG"]
[Date "2011.03.27"]
[Round "8.12"]
[White "Bates, Richard A"]
[Black "Palliser, Richard JD"]
[Result "1/2-1/2"]
[WhiteElo "2383"]
[BlackElo "2448"]
[PlyCount "100"]
[EventDate "2011.??.??"]
[WhiteTeam "Betsson.com"]
[BlackTeam "White Rose 1"]

1. d4 e6 2. g3 c5 3. Nf3 cxd4 4. Nxd4 Qb6 5. Bg2 Bc5 6. e3 Nc6 7. O-O Nxd4 8.
exd4 Bxd4 9. a4 Bxb2 10. a5 Qd4 11. Bxb2 Qxb2 12. Na3 d5 13. c4 Ne7 14. cxd5
Nxd5 15. Bxd5 exd5 16. Re1+ Be6 17. Qa4+ Kf8 18. Rab1 Qf6 19. Rxb7 h5 20. h4 d4
21. Qb5 Kg8 22. Nb1 a6 23. Qc6 Kh7 24. Nd2 Rhc8 25. Qe4+ Bf5 26. Qd5 Bg6 27.
Ne4 Qc6 28. Ng5+ Kg8 29. Re5 Qxd5 30. Rxd5 Rd8 31. Ra7 d3 32. Rxa6 f6 33. Rxa8
Rxa8 34. Ne6 Bf7 35. Rd6 Bxe6 36. Rxe6 Rxa5 37. Rd6 Ra3 38. Kf1 Kf7 39. Ke1 Ke7
40. Rd4 Ke6 41. Kd2 Ra2+ 42. Ke3 Re2+ 43. Kf3 Rd2 44. Ke3 Rd1 45. Rxd3 Rxd3+
46. Kxd3 Kf5 47. f3 Ke5 48. Ke3 f5 49. f4+ Kd5 50. Kd3 g6 1/2-1/2

[Event "4NCL"]
[Site "De Vere, Staverton Park, ENG"]
[Date "2011.03.27"]
[Round "8.12"]
[White "Croad, Nicolas"]
[Black "Ansell, Simon T"]
[Result "1/2-1/2"]
[WhiteElo "2290"]
[BlackElo "2427"]
[PlyCount "34"]
[EventDate "2011.??.??"]
[WhiteTeam "White Rose 1"]
[BlackTeam "Betsson.com"]

1. d4 d5 2. c4 c6 3. Nf3 Nf6 4. e3 e6 5. b3 Nbd7 6. Bd3 Bb4+ 7. Nbd2 Bc3 8. Rb1
e5 9. Nxe5 Nxe5 10. dxe5 Bxe5 11. O-O O-O 12. Nf3 Bg4 13. h3 Bxf3 14. Qxf3 Qe7
15. Bb2 Rad8 16. Bxe5 Qxe5 17. Rfd1 dxc4 1/2-1/2

[Event "4NCL"]
[Site "De Vere, Staverton Park, ENG"]
[Date "2011.03.27"]
[Round "8.12"]
[White "Ledger, Dave J"]
[Black "Townsend, M Paul"]
[Result "0-1"]
[WhiteElo "2271"]
[BlackElo "2266"]
[PlyCount "80"]
[EventDate "2011.??.??"]
[WhiteTeam "Betsson.com"]
[BlackTeam "White Rose 1"]

1. e4 g6 2. d4 Bg7 3. Nc3 d6 4. f4 a6 5. Nf3 b5 6. Bd3 Nd7 7. e5 c5 8. Ne4 cxd4
9. exd6 Nh6 10. a4 O-O 11. axb5 exd6 12. O-O Qb6 13. Re1 Nf5 14. Bd2 d5 15. Ng3
Ne3 16. Qc1 Nc5 17. Bb4 Re8 18. Bxc5 Qxc5 19. bxa6 Qd6 20. Ne2 Bf5 21. Qd2 Qb6
22. b3 Nxc2 23. Bxc2 d3+ 24. Kh1 Bxa1 25. Bxd3 Bxd3 26. Qxd3 Rxa6 27. Rc1 Ra2
28. Ned4 Bxd4 29. Nxd4 Qf6 30. f5 Re4 31. Nb5 Ra1 32. Qd2 Re2 33. Qh6 Rxc1+ 34.
Qxc1 Qb2 35. Qc8+ Kg7 36. h4 Qa1+ 37. Kh2 Qe5+ 38. Kh3 Re3+ 39. Kg4 h5+ 40. Kg5
f6# 0-1

[Event "4NCL"]
[Site "De Vere, Staverton Park, ENG"]
[Date "2011.03.27"]
[Round "8.12"]
[White "Gayson, Peter M"]
[Black "Webb, Laurence E"]
[Result "1-0"]
[WhiteElo "2173"]
[BlackElo "2307"]
[PlyCount "161"]
[EventDate "2011.??.??"]
[WhiteTeam "White Rose 1"]
[BlackTeam "Betsson.com"]

1. e4 e6 2. d4 d5 3. Nd2 Nf6 4. e5 Nfd7 5. Bd3 c5 6. c3 b6 7. Ne2 Ba6 8. Bxa6
Nxa6 9. Nf3 Be7 10. O-O O-O 11. Be3 cxd4 12. cxd4 Nb4 13. Qa4 a6 14. Rac1 b5
15. Qb3 a5 16. Bd2 a4 17. Qa3 Nc6 18. Qd3 Qb6 19. Bg5 f6 20. exf6 Bxf6 21. Bxf6
Rxf6 22. Ng5 Nf8 23. Rc5 h6 24. Nf3 Na7 25. Ne5 Qd8 26. Rfc1 Nd7 27. Nxd7 Qxd7
28. Rc7 Qe8 29. Qg3 Qf8 30. Rb7 Rf7 31. Rcc7 Rxc7 32. Qxc7 Nc8 33. Nf4 Nd6 34.
Nxe6 Qf7 35. Qxf7+ Nxf7 36. Kf1 Nd6 37. Rxg7+ Kh8 38. Rd7 Nc4 39. b3 axb3 40.
axb3 Nd2+ 41. Ke2 Nxb3 42. Rxd5 Re8 43. Rd8 Nxd4+ 44. Rxd4 Rxe6+ 45. Kd2 Kg7
46. Rf4 Rc6 47. h4 Rc5 48. g4 Kg6 49. Kd3 Kg7 50. f3 Kg6 51. Rb4 h5 52. Kd4 Rc1
53. Rxb5 hxg4 54. fxg4 Rg1 55. Rg5+ Kf6 56. Ke4 Rh1 57. Rf5+ Kg6 58. h5+ Kh6
59. Rf6+ Kg7 60. Rd6 Rf1 61. Rd3 Kh6 62. Rf3 Re1+ 63. Kf4 Ra1 64. Kg3 Rg1+ 65.
Kh4 Rh1+ 66. Kg3 Rg1+ 67. Kh3 Rh1+ 68. Kg2 Ra1 69. Rf6+ Kg5 70. Rg6+ Kf4 71. h6
Ra2+ 72. Kf1 Kf3 73. Ke1 Ke3 74. Kd1 Rh2 75. g5 Kd3 76. Kc1 Kc3 77. Rc6+ Kd3
78. Rc7 Ke4 79. Rf7 Ke5 80. h7 Ke6 81. g6 1-0

[Event "4NCL"]
[Site "De Vere, Staverton Park, ENG"]
[Date "2011.03.27"]
[Round "8.12"]
[White "Yurenok, Maria S"]
[Black "Burnett, Jim"]
[Result "0-1"]
[WhiteElo "2100"]
[BlackElo "2186"]
[PlyCount "80"]
[EventDate "2011.??.??"]
[WhiteTeam "Betsson.com"]
[BlackTeam "White Rose 1"]

1. d4 d5 2. c4 e6 3. Nc3 c6 4. cxd5 exd5 5. Qc2 Be7 6. Nf3 g6 7. e3 Bf5 8. Bd3
Bxd3 9. Qxd3 Nf6 10. O-O O-O 11. b3 Re8 12. Ne5 Bd6 13. f4 Nbd7 14. Bd2 Qe7 15.
Be1 Nh5 16. Rf3 f6 17. Nxd7 Qxd7 18. h3 f5 19. Bh4 Be7 20. Bxe7 Rxe7 21. Na4
Nf6 22. Nc5 Qd6 23. Qe2 b6 24. Nd3 c5 25. Qb2 c4 26. Ne5 Rc8 27. Rc1 Rec7 28.
Rf2 Ne4 29. Rfc2 c3 30. Qa1 Qf6 31. Re1 g5 32. Qd1 gxf4 33. exf4 Qh4 34. Nd3
Rg7 35. Qf3 Rg3 36. Qf1 Rxd3 37. Qxd3 Qxe1+ 38. Kh2 Qh4 39. g3 Qf6 40. Qb5 Qc6
0-1

[Event "4NCL"]
[Site "De Vere, Staverton Park, ENG"]
[Date "2011.03.27"]
[Round "8.12"]
[White "Messam-Sparks, Lateefah"]
[Black "Ledger, Stephen C"]
[Result "0-1"]
[WhiteElo "1909"]
[BlackElo "2060"]
[PlyCount "74"]
[EventDate "2011.??.??"]
[WhiteTeam "White Rose 1"]
[BlackTeam "Betsson.com"]

1. d4 Nf6 2. c4 c5 3. d5 b5 4. cxb5 a6 5. bxa6 Bxa6 6. Nc3 d6 7. g3 g6 8. Bg2
Bg7 9. Nf3 O-O 10. O-O Nbd7 11. Re1 Qa5 12. Qc2 Rfb8 13. e4 Ng4 14. Bd2 Nge5
15. Nxe5 Nxe5 16. Nd1 Bd3 17. Qc1 Qa6 18. Bc3 Bc4 19. Re3 Be2 20. b3 Ng4 21.
Bxg7 Nxe3 22. Nxe3 Kxg7 23. Qb2+ f6 24. f4 Bb5 25. e5 Qa3 26. Qc2 Qb4 27. Rd1
Rc8 28. Bh3 Rc7 29. Ng4 c4 30. exf6+ exf6 31. Nxf6 Kxf6 32. Qe4 Qc5+ 33. Kh1
Re8 34. Be6 cxb3 35. f5 Qc4 36. Qb1 Qc2 37. fxg6 Rxe6 0-1

[Event "4NCL"]
[Site "De Vere, Staverton Park, ENG"]
[Date "2011.03.27"]
[Round "8.13"]
[White "Parker, Jonathan F"]
[Black "Slavin, Alexei"]
[Result "1/2-1/2"]
[WhiteElo "2531"]
[BlackElo "2411"]
[PlyCount "31"]
[EventDate "2011.??.??"]
[WhiteTeam "Barbican 4NCL 1"]
[BlackTeam "e2e4.org.uk 1"]

1. d4 Nf6 2. c4 e6 3. Nf3 d5 4. Nc3 Bb4 5. cxd5 exd5 6. Qa4+ Nc6 7. Bg5 h6 8.
Bxf6 Qxf6 9. e3 O-O 10. Be2 Be6 11. O-O a6 12. Rfc1 Bd6 13. Qd1 Ne7 14. Na4 b6
15. Rc3 Ra7 16. Rac1 1/2-1/2

[Event "4NCL"]
[Site "De Vere, Staverton Park, ENG"]
[Date "2011.03.27"]
[Round "8.13"]
[White "Zhou, Yang-Fan"]
[Black "Turner, Matthew J"]
[Result "1/2-1/2"]
[WhiteElo "2323"]
[BlackElo "2517"]
[PlyCount "33"]
[EventDate "2011.??.??"]
[WhiteTeam "e2e4.org.uk 1"]
[BlackTeam "Barbican 4NCL 1"]

1. e4 e5 2. Nf3 Nc6 3. d4 exd4 4. Nxd4 Bb4+ 5. c3 Bc5 6. Be3 Bb6 7. Bc4 d6 8.
O-O Nf6 9. Nd2 Nxd4 10. Bxd4 O-O 11. Qf3 Re8 12. Rfe1 Be6 13. Bxf6 Qxf6 14.
Qxf6 gxf6 15. a4 c6 16. a5 Bc7 17. b4 1/2-1/2

[Event "4NCL"]
[Site "De Vere, Staverton Park, ENG"]
[Date "2011.03.27"]
[Round "8.13"]
[White "Collins, Sam E"]
[Black "Hulmes, David I"]
[Result "1-0"]
[WhiteElo "2426"]
[BlackElo "2255"]
[PlyCount "53"]
[EventDate "2011.??.??"]
[WhiteTeam "Barbican 4NCL 1"]
[BlackTeam "e2e4.org.uk 1"]

1. e4 e5 2. Nf3 Nc6 3. Bb5 f5 4. d3 fxe4 5. dxe4 Nf6 6. O-O Bc5 7. Qd3 d6 8.
Qc4 Bd7 9. Nc3 Qe7 10. Nd5 Nxd5 11. exd5 Nd4 12. Bxd7+ Kxd7 13. Nxd4 Bxd4 14.
Be3 Bxe3 15. Qg4+ Ke8 16. fxe3 a6 17. Qa4+ b5 18. Qe4 g6 19. a4 Rb8 20. axb5
axb5 21. c4 b4 22. c5 dxc5 23. Ra6 Kd8 24. d6 cxd6 25. Rd1 Ke8 26. Raxd6 Rc8
27. Qd5 1-0

[Event "4NCL"]
[Site "De Vere, Staverton Park, ENG"]
[Date "2011.03.27"]
[Round "8.13"]
[White "Arutyunova, Diana"]
[Black "Cox, John J"]
[Result "0-1"]
[WhiteElo "2304"]
[BlackElo "2407"]
[PlyCount "118"]
[EventDate "2011.??.??"]
[WhiteTeam "e2e4.org.uk 1"]
[BlackTeam "Barbican 4NCL 1"]

1. e4 e5 2. Nf3 Nc6 3. d4 exd4 4. Nxd4 Qf6 5. Be3 Bc5 6. c3 Qg6 7. Nd2 Nge7 8.
Nxc6 Bxe3 9. Nxe7 Bxd2+ 10. Kxd2 Qg5+ 11. Kc2 Qxe7 12. Qg4 O-O 13. Bd3 d6 14.
Qh5 Be6 15. f4 f6 16. Qh4 Qf7 17. b3 f5 18. g4 fxe4 19. Bxe4 g6 20. Rhf1 Bd5
21. Bd3 Rae8 22. Rae1 Rxe1 23. Qxe1 Re8 24. Qd2 Be4 25. Rf2 Bxd3+ 26. Qxd3 Qe6
27. f5 gxf5 28. Rxf5 Qe2+ 29. Qd2 Re3 30. Rf2 Qxd2+ 31. Kxd2 Rh3 32. c4 Kg7 33.
Ke2 a5 34. Kf1 a4 35. Kg2 Rc3 36. Rf3 Rc1 37. Kg3 Rg1+ 38. Kh3 Ra1 39. Rf2 Rb1
40. bxa4 Rc1 41. a5 Rxc4 42. Rb2 Kf6 43. Rxb7 h6 44. a6 c5 45. Kh4 Rc2 46. a3
Rxh2+ 47. Kg3 Rc2 48. Rh7 Ke5 49. Re7+ Kd5 50. a7 Rc3+ 51. Kf4 Rxa3 52. Kf5 c4
53. Rc7 Kd4 54. Kg6 c3 55. Kxh6 Kd3 56. g5 c2 57. g6 Rxa7 58. Rc8 Ra8 59. Rc6
d5 0-1

[Event "4NCL"]
[Site "De Vere, Staverton Park, ENG"]
[Date "2011.03.27"]
[Round "8.13"]
[White "Mladenov, Ilian"]
[Black "Devereaux, Maxim L"]
[Result "1/2-1/2"]
[WhiteElo "2194"]
[BlackElo "2385"]
[PlyCount "102"]
[EventDate "2011.??.??"]
[WhiteTeam "e2e4.org.uk 1"]
[BlackTeam "Barbican 4NCL 1"]

1. d4 d5 2. Nf3 Nf6 3. Bf4 g6 4. e3 Bg7 5. h3 O-O 6. Nbd2 b6 7. Bd3 Ba6 8. Bxa6
Nxa6 9. c3 c5 10. Qe2 Qc8 11. O-O Qb7 12. Rfe1 Rfe8 13. Ne5 Nc7 14. g4 Ne6 15.
Bg3 Ne4 16. Nxe4 dxe4 17. Nc4 Ng5 18. Kg2 Nf3 19. Red1 Qa6 20. Kf1 h5 21. gxh5
gxh5 22. Nd2 Qb7 23. Kg2 h4 24. Bf4 e5 25. dxe5 Re6 26. Kh1 Rg6 27. e6 Rxe6 28.
Nxf3 exf3 29. Qc4 Qc6 30. Qd5 b5 31. Qxc6 Rxc6 32. Rd5 Rac8 33. Rg1 Rg6 34.
Rxg6 fxg6 35. e4 b4 36. e5 bxc3 37. bxc3 Rf8 38. Be3 Re8 39. Rxc5 Bxe5 40. Rc6
Kf7 41. Ra6 Bb8 42. Ra4 Rd8 43. Bf4 g5 44. Bxb8 Rxb8 45. Rxa7+ Ke6 46. Ra6+ Ke5
47. Ra5+ Kf4 48. Ra4+ Kf5 49. Ra5+ Kf6 50. Ra6+ Kf5 51. Ra5+ Kf4 1/2-1/2

[Event "4NCL"]
[Site "De Vere, Staverton Park, ENG"]
[Date "2011.03.27"]
[Round "8.13"]
[White "D'Costa, Lorin AR"]
[Black "Jackson, James P"]
[Result "1-0"]
[WhiteElo "2441"]
[BlackElo "2153"]
[PlyCount "61"]
[EventDate "2011.??.??"]
[WhiteTeam "Barbican 4NCL 1"]
[BlackTeam "e2e4.org.uk 1"]

1. c4 Nf6 2. g3 e6 3. Bg2 d5 4. Nf3 Nc6 5. O-O d4 6. d3 Be7 7. e3 e5 8. exd4
exd4 9. Na3 O-O 10. Nc2 a5 11. Re1 Re8 12. h3 h6 13. Bf4 g5 14. Be5 Nxe5 15.
Rxe5 c5 16. Qd2 Bd6 17. Rxe8+ Nxe8 18. Re1 f6 19. Qe2 Ng7 20. Nd2 f5 21. Na3
Kf8 22. Nb5 Ra6 23. Bd5 a4 24. Qf3 Qd7 25. Nxd6 Qxd6 26. Bxb7 Bxb7 27. Qxb7 Rb6
28. Qc8+ Kf7 29. Nf3 Rxb2 30. Ne5+ Kf6 31. Qh8 1-0

[Event "4NCL"]
[Site "De Vere, Staverton Park, ENG"]
[Date "2011.03.27"]
[Round "8.13"]
[White "Norinkeviciute, Rasa"]
[Black "Lauterbach, Ingrid"]
[Result "1/2-1/2"]
[WhiteElo "2025"]
[BlackElo "2109"]
[PlyCount "78"]
[EventDate "2011.??.??"]
[WhiteTeam "e2e4.org.uk 1"]
[BlackTeam "Barbican 4NCL 1"]

1. c4 g6 2. g3 Bg7 3. Bg2 e5 4. Nc3 Nf6 5. e4 O-O 6. Nge2 c6 7. O-O d6 8. b3
Be6 9. Ba3 Qd7 10. Rc1 Re8 11. d4 exd4 12. Nxd4 Bh3 13. Re1 Bxg2 14. Kxg2 Na6
15. Nf3 Rad8 16. Qc2 Nc7 17. Rcd1 d5 18. e5 Ng4 19. Bd6 dxc4 20. bxc4 Qc8 21.
h3 Nh6 22. Ne4 Ne6 23. Qa4 a6 24. c5 Nf5 25. Qb4 Ne7 26. Rb1 Rd7 27. Nf6+ Bxf6
28. exf6 Nd5 29. Qh4 Qd8 30. Ne5 Rxd6 31. cxd6 Qxd6 32. Rxb7 g5 33. Nxf7 Ndf4+
34. Kh2 Qd5 35. gxf4 gxh4 36. Nh6+ Kh8 37. Nf7+ Kg8 38. Nh6+ Kh8 39. Nf7+ Kg8
1/2-1/2

[Event "4NCL"]
[Site "De Vere, Staverton Park, ENG"]
[Date "2011.03.27"]
[Round "8.14"]
[White "Pert, Nicholas"]
[Black "Gormally, Daniel W"]
[Result "1/2-1/2"]
[WhiteElo "2570"]
[BlackElo "2494"]
[PlyCount "36"]
[EventDate "2011.??.??"]
[WhiteTeam "Wood Green Hilsmark 1"]
[BlackTeam "Cheddleton 1"]

1. d4 Nf6 2. Nf3 d5 3. c4 dxc4 4. e3 Bg4 5. Bxc4 e6 6. Nc3 a6 7. h3 Bh5 8. g4
Bg6 9. Ne5 Nbd7 10. Nxg6 hxg6 11. Bf1 c6 12. Bg2 Nd5 13. e4 Nc7 14. Qb3 Nb5 15.
Be3 e5 16. Nxb5 axb5 17. O-O exd4 18. Bxd4 Nc5 1/2-1/2

[Event "4NCL"]
[Site "De Vere, Staverton Park, ENG"]
[Date "2011.03.27"]
[Round "8.14"]
[White "Arkell, Keith C"]
[Black "Lalic, Bogdan"]
[Result "1/2-1/2"]
[WhiteElo "2412"]
[BlackElo "2474"]
[PlyCount "25"]
[EventDate "2011.??.??"]
[WhiteTeam "Cheddleton 1"]
[BlackTeam "Wood Green Hilsmark 1"]

1. d4 Nf6 2. Nf3 g6 3. c4 Bg7 4. g3 d5 5. cxd5 Nxd5 6. Nc3 O-O 7. Bg2 Nb6 8.
O-O Nc6 9. e3 Re8 10. b3 e5 11. Nxe5 Nxe5 12. dxe5 Bxe5 13. Bb2 1/2-1/2

[Event "4NCL"]
[Site "De Vere, Staverton Park, ENG"]
[Date "2011.03.27"]
[Round "8.14"]
[White "Eggleston, David J"]
[Black "Arakhamia-Grant, Ketevan E"]
[Result "1/2-1/2"]
[WhiteElo "2319"]
[BlackElo "2458"]
[PlyCount "59"]
[EventDate "2011.??.??"]
[WhiteTeam "Cheddleton 1"]
[BlackTeam "Wood Green Hilsmark 1"]

1. e4 c5 2. Nf3 e6 3. d4 cxd4 4. Nxd4 Nc6 5. Nc3 d6 6. g4 a6 7. Be3 Nge7 8. Nb3
b5 9. f4 Ng6 10. g5 h6 11. Qd2 hxg5 12. fxg5 Nce5 13. O-O-O Bd7 14. Qg2 b4 15.
Ne2 Nc4 16. Bf2 Rc8 17. Ned4 Qc7 18. Bxc4 Qxc4 19. Bg3 a5 20. Qe2 Qxe2 21. Nxe2
a4 22. Na5 e5 23. h4 Bg4 24. Rh2 Bf3 25. Rd2 Bxe4 26. b3 axb3 27. axb3 d5 28.
h5 Be7 29. Nb7 Bxg5 30. Nd6+ 1/2-1/2

[Event "4NCL"]
[Site "De Vere, Staverton Park, ENG"]
[Date "2011.03.27"]
[Round "8.14"]
[White "Greet, Andrew N"]
[Black "Wallace, Paul A"]
[Result "1-0"]
[WhiteElo "2451"]
[BlackElo "2245"]
[PlyCount "77"]
[EventDate "2011.??.??"]
[WhiteTeam "Wood Green Hilsmark 1"]
[BlackTeam "Cheddleton 1"]

1. d4 Nf6 2. c4 g6 3. g3 Bg7 4. Bg2 O-O 5. Nc3 d6 6. Nf3 c6 7. O-O a6 8. e4 Bg4
9. h3 Bxf3 10. Bxf3 e5 11. dxe5 dxe5 12. c5 Nbd7 13. Be3 Qe7 14. Na4 Rfd8 15.
Qc2 Nf8 16. Nb6 Rab8 17. b4 Ne6 18. Rad1 Rxd1 19. Rxd1 Rd8 20. Nc4 Ne8 21. h4
h5 22. Bg2 N8c7 23. Bh3 Nd4 24. Bxd4 exd4 25. Qd3 Ne6 26. f4 Kh7 27. e5 f5 28.
a4 Kg8 29. a5 Bh6 30. Qf3 Rd5 31. Bg2 Rd8 32. Nd6 Rd7 33. Bf1 Kh7 34. Bc4 Bf8
35. Ba2 Nc7 36. Rxd4 Nb5 37. Rd2 Bg7 38. Qb3 Qf8 39. Rd3 1-0

[Event "4NCL"]
[Site "De Vere, Staverton Park, ENG"]
[Date "2011.03.27"]
[Round "8.14"]
[White "Van Weersel, Arlette"]
[Black "McDonald, Neil"]
[Result "1/2-1/2"]
[WhiteElo "2234"]
[BlackElo "2460"]
[PlyCount "63"]
[EventDate "2011.??.??"]
[WhiteTeam "Cheddleton 1"]
[BlackTeam "Wood Green Hilsmark 1"]

1. e4 e6 2. d4 d5 3. Nc3 dxe4 4. Nxe4 Bd7 5. Nf3 Bc6 6. Bd3 Nd7 7. O-O Ngf6 8.
Ng3 Be7 9. b3 O-O 10. c4 Bxf3 11. Qxf3 c6 12. Bb2 Qa5 13. a3 b5 14. d5 cxd5 15.
cxd5 exd5 16. Nf5 Rfe8 17. Qg3 Bf8 18. Nh6+ Kh8 19. Nxf7+ Kg8 20. Nh6+ Kh8 21.
Nf5 Qb6 22. Rfe1 a6 23. Bd4 Qc6 24. Rac1 Rxe1+ 25. Rxe1 Re8 26. Rd1 g6 27. Ne3
Bg7 28. Qh3 Kg8 29. Nc2 Ne5 30. Nb4 Qd6 31. Bf1 Rf8 32. Nxa6 1/2-1/2

[Event "4NCL"]
[Site "De Vere, Staverton Park, ENG"]
[Date "2011.03.27"]
[Round "8.14"]
[White "Trent, Lawrence"]
[Black "McKenna, Jason P"]
[Result "1-0"]
[WhiteElo "2442"]
[BlackElo "2074"]
[PlyCount "37"]
[EventDate "2011.??.??"]
[WhiteTeam "Wood Green Hilsmark 1"]
[BlackTeam "Cheddleton 1"]

1. e4 g6 2. d4 Bg7 3. Nc3 d6 4. f4 c6 5. Nf3 Bg4 6. Be3 Qb6 7. Qd2 Bxf3 8. gxf3
Nd7 9. Bh3 O-O-O 10. O-O Kb8 11. a4 Ngf6 12. a5 Qc7 13. b4 e6 14. b5 c5 15. b6
axb6 16. axb6 Nxb6 17. Nb5 Qc6 18. Qa5 Nfd7 19. d5 1-0

[Event "4NCL"]
[Site "De Vere, Staverton Park, ENG"]
[Date "2011.03.27"]
[Round "8.15"]
[White "Rendle, Thomas E"]
[Black "Tissir, Mohamed"]
[Result "0-1"]
[WhiteElo "2397"]
[BlackElo "2464"]
[PlyCount "40"]
[EventDate "2011.??.??"]
[WhiteTeam "Sambuca Sharks"]
[BlackTeam "Wood Green Hilsmark 2"]

1. e4 e5 2. Nf3 Nc6 3. Bc4 Nf6 4. d3 Be7 5. O-O O-O 6. Re1 d6 7. a4 Kh8 8. a5
a6 9. Nc3 Bg4 10. h3 Bh5 11. g4 Nxg4 12. hxg4 Bxg4 13. Be3 Qd7 14. Nb1 f5 15.
Bd5 fxe4 16. Bxe4 d5 17. Nbd2 dxe4 18. dxe4 Bxf3 19. Nxf3 Qg4+ 20. Kf1 Rxf3 0-1

[Event "4NCL"]
[Site "De Vere, Staverton Park, ENG"]
[Date "2011.03.27"]
[Round "8.15"]
[White "Hanley, Craig A"]
[Black "Roberson, Peter T"]
[Result "1-0"]
[WhiteElo "2433"]
[BlackElo "2274"]
[PlyCount "51"]
[EventDate "2011.??.??"]
[WhiteTeam "Wood Green Hilsmark 2"]
[BlackTeam "Sambuca Sharks"]

1. Nf3 b6 2. e4 Bb7 3. Nc3 Nf6 4. e5 Nd5 5. Bc4 Nxc3 6. dxc3 e6 7. Bf4 Be7 8.
Qe2 d5 9. exd6 cxd6 10. O-O-O O-O 11. h4 d5 12. Bd3 Nd7 13. Ng5 Nf6 14. Be5 h6
15. Rh3 Bd6 16. f4 Re8 17. Rf1 hxg5 18. hxg5 Bxe5 19. Qxe5 Ne4 20. Bxe4 dxe4
21. Rfh1 f6 22. gxf6 Qxf6 23. Qxf6 gxf6 24. Rh8+ Kg7 25. R8h7+ Kg6 26. g4 1-0

[Event "4NCL"]
[Site "De Vere, Staverton Park, ENG"]
[Date "2011.03.27"]
[Round "8.15"]
[White "Adair, James"]
[Black "Martin, Andrew D"]
[Result "1/2-1/2"]
[WhiteElo "2212"]
[BlackElo "2406"]
[PlyCount "39"]
[EventDate "2011.??.??"]
[WhiteTeam "Sambuca Sharks"]
[BlackTeam "Wood Green Hilsmark 2"]

1. e4 Nf6 2. e5 Nd5 3. d4 d6 4. c4 Nb6 5. exd6 exd6 6. Nc3 Nc6 7. Nf3 Bg4 8.
Be2 Be7 9. d5 Bxf3 10. Bxf3 Ne5 11. Be2 O-O 12. b3 Bf6 13. Qc2 Re8 14. O-O Ng6
15. Bb2 Nd7 16. g3 Nc5 17. Rad1 a5 18. Nb5 Bxb2 19. Qxb2 Qd7 20. Rfe1 1/2-1/2

[Event "4NCL"]
[Site "De Vere, Staverton Park, ENG"]
[Date "2011.03.27"]
[Round "8.15"]
[White "Broomfield, Matthew P"]
[Black "Linford, Charles M"]
[Result "1/2-1/2"]
[WhiteElo "2344"]
[BlackElo "2122"]
[PlyCount "84"]
[EventDate "2011.??.??"]
[WhiteTeam "Wood Green Hilsmark 2"]
[BlackTeam "Sambuca Sharks"]

1. d4 Nf6 2. Nf3 e6 3. c4 b6 4. g3 Ba6 5. Qc2 d5 6. cxd5 exd5 7. Bg2 Be7 8. Bf4
Bd6 9. Ne5 O-O 10. O-O c5 11. dxc5 Bxc5 12. Nc3 Qc8 13. Rac1 Bb7 14. Rfd1 Rd8
15. b4 Bf8 16. Qb3 Qe6 17. Nb5 Na6 18. Nc7 Nxc7 19. Rxc7 Bd6 20. Rxb7 Bxe5 21.
Bxe5 Qxe5 22. e3 Qf5 23. Qd3 Qg4 24. a3 h5 25. Re7 a5 26. h3 Qc4 27. b5 Rac8
28. Rb7 Qc5 29. Qd4 Qxa3 30. Rxb6 Qb3 31. Rxf6 gxf6 32. Bxd5 Qc2 33. e4 Kg7 34.
Kg2 Rc4 35. Qa1 Rxe4 36. Rc1 Ra4 37. Rxc2 Rxa1 38. Bc6 Rb8 39. Rd2 Ra3 40. h4
Kg6 41. Rd7 a4 42. Ra7 Ra1 1/2-1/2

[Event "4NCL"]
[Site "De Vere, Staverton Park, ENG"]
[Date "2011.03.27"]
[Round "8.15"]
[White "Williams, Samuel G"]
[Black "Tiller, Bjorn"]
[Result "1-0"]
[WhiteElo "2190"]
[BlackElo "2393"]
[PlyCount "77"]
[EventDate "2011.??.??"]
[WhiteTeam "Sambuca Sharks"]
[BlackTeam "Wood Green Hilsmark 2"]

1. d4 b5 2. e4 a6 3. c4 Bb7 4. cxb5 Bxe4 5. Nc3 Bb7 6. Nf3 e6 7. Bg5 Be7 8.
Bxe7 Nxe7 9. bxa6 Nxa6 10. a3 O-O 11. Bd3 Nd5 12. O-O Nxc3 13. bxc3 c5 14.
Bxh7+ Kxh7 15. Qb1+ f5 16. Qxb7 Qc7 17. Qb5 Rfb8 18. Qe2 Qf4 19. g3 Qg4 20. h3
Qh5 21. Qe3 cxd4 22. cxd4 Nc7 23. Rfb1 Nd5 24. Qd3 Rc8 25. Rc1 g5 26. Rc5 Rxc5
27. dxc5 Rg8 28. Ne5 Qxh3 29. Nxd7 Nf4 30. Qf3 Rh8 31. Ne5 Kg7 32. gxf4 Qh2+
33. Kf1 Qh1+ 34. Ke2 Qxa1 35. Qb7+ Kh6 36. fxg5+ Kh5 37. Qf3+ Kxg5 38. Qg3+ Kf6
39. Qg6+ 1-0

[Event "4NCL"]
[Site "De Vere, Staverton Park, ENG"]
[Date "2011.03.27"]
[Round "8.15"]
[White "Lee, Graham D"]
[Black "Hasman, Cengiz"]
[Result "1/2-1/2"]
[WhiteElo "2261"]
[BlackElo "2097"]
[PlyCount "33"]
[EventDate "2011.??.??"]
[WhiteTeam "Wood Green Hilsmark 2"]
[BlackTeam "Sambuca Sharks"]

1. e4 Nf6 2. e5 Nd5 3. Nc3 Nxc3 4. dxc3 d6 5. Bf4 Nc6 6. Bb5 Bd7 7. Qe2 a6 8.
Bc4 e6 9. Nf3 dxe5 10. Nxe5 Nxe5 11. Bxe5 Bd6 12. Bxg7 Rg8 13. Be5 Rxg2 14.
Bxd6 cxd6 15. O-O-O Qb6 16. Rd2 O-O-O 17. Qf3 1/2-1/2

[Event "4NCL"]
[Site "De Vere, Staverton Park, ENG"]
[Date "2011.03.27"]
[Round "8.15"]
[White "Varnam, Liam D"]
[Black "Briscoe, Chris"]
[Result "1/2-1/2"]
[WhiteElo "2112"]
[BlackElo "2226"]
[PlyCount "28"]
[EventDate "2011.??.??"]
[WhiteTeam "Sambuca Sharks"]
[BlackTeam "Wood Green Hilsmark 2"]

1. e4 Nf6 2. e5 Nd5 3. d4 d6 4. Nf3 dxe5 5. Nxe5 c6 6. c4 Nf6 7. Nc3 Nbd7 8. f4
e6 9. Be2 c5 10. d5 exd5 11. cxd5 Bd6 12. Nc4 Nb6 13. O-O O-O 14. b3 Re8
1/2-1/2

[Event "4NCL"]
[Site "De Vere, Staverton Park, ENG"]
[Date "2011.03.27"]
[Round "8.16"]
[White "Morrison, Graham"]
[Black "Cernousek, Lukas"]
[Result "1/2-1/2"]
[WhiteElo "2340"]
[BlackElo "2410"]
[PlyCount "39"]
[EventDate "2011.??.??"]
[WhiteTeam "Barbican 4NCL 2"]
[BlackTeam "The AD's"]

1. d4 Nf6 2. c4 g6 3. Nc3 d5 4. cxd5 Nxd5 5. e4 Nxc3 6. bxc3 Bg7 7. Nf3 c5 8.
Bb5+ Nd7 9. O-O O-O 10. a4 Qc7 11. Re1 a6 12. Bf1 b6 13. Bg5 Bb7 14. Qd2 e5 15.
d5 c4 16. Qb2 f5 17. Nd2 fxe4 18. Bxc4 Kh8 19. Rxe4 Nc5 20. Re2 1/2-1/2

[Event "4NCL"]
[Site "De Vere, Staverton Park, ENG"]
[Date "2011.03.27"]
[Round "8.16"]
[White "Jirka, Jiri"]
[Black "Knott, Simon JB"]
[Result "1/2-1/2"]
[WhiteElo "2425"]
[BlackElo "2329"]
[PlyCount "47"]
[EventDate "2011.??.??"]
[WhiteTeam "The AD's"]
[BlackTeam "Barbican 4NCL 2"]

1. d4 Nf6 2. c4 g6 3. g3 Bg7 4. Bg2 d5 5. cxd5 Nxd5 6. Nf3 Nb6 7. Nc3 Nc6 8. e3
O-O 9. O-O Re8 10. Re1 Bd7 11. h3 e5 12. d5 Na5 13. e4 c6 14. Bg5 f6 15. Bc1
cxd5 16. exd5 Rc8 17. g4 f5 18. Bg5 Bf6 19. Bxf6 Qxf6 20. g5 Qd6 21. Rc1 e4 22.
Nd4 Nac4 23. Qb3 Na5 24. Qd1 1/2-1/2